| 000 | 00457nam a2200145 i 4500 | ||
|---|---|---|---|
| 001 | 40697 | ||
| 003 | ES-MaACL | ||
| 007 | t| | ||
| 008 | 030306s1953 sp ||||1| spa d | ||
| 100 | 1 |
_aCarrera Pujal, Jaime. _935642 |
|
| 245 | 1 | 3 |
_aLa lonja del mar y los cuerpos de comercio de Barcelona / _cJaime Carrera Pujal. |
| 260 |
_aBarcelona : _bBosch, _c[1953] ( _fTip. Catalana) |
||
| 300 |
_aXI, 541 p. : _bil. ; _c26 cm. |
||
| 852 |
_aES-MaACL _jC-5965 _bR.34935 |
||
| 999 |
_c40697 _d40697 |
||